[Event "Titled Tuesday intern op 02nd Apr Early"]
[Site "Chess.com INT"]
[Date "2024.04.02"]
[Round "9"]
[White "Iniyan, Panneerseluam"]
[Black "Andreikin, Dmitry"]
[Result "1/2-1/2"]
[WhiteElo "2495"]
[BlackElo "2729"]
[PlyCount "224"]
[EventDate "2024.04.02"]
[EventType "swiss (blitz)"]
[EventRounds "11"]
[EventCountry "USA"]
[SourceTitle "CB15_2024"]
[SourceDate "2024.04.10"]
[SourceVersion "1"]
[SourceVersionDate "2024.04.10"]
[SourceQuality "1"]

1. d4 Nf6 2. c4 e6 3. Nc3 Bb4 4. e3 0-0 5. Bd3 c5 6. Nge2 cxd4 7. exd4 d5 8. cxd5 exd5 9. 0-0 Be6 10. Ng3 Nbd7 11. h3 Rc8 12. Nce2 Bd6 13. Nf4 Qb6 14. Re1 Rfe8 15. Ngh5 g6 16. Nxf6+ Nxf6 17. Qf3 Qxd4 18. Be3 Qe5 19. g3 Ne4 20. Nxe6 Qxe6 21. Bxa7 Ng5 22. Qe3 Nxh3+ 23. Kg2 Qg4 24. Qxe8+ Rxe8 25. Rxe8+ Kg7 26. Be3 Nf4+ 27. Bxf4 Bxf4 28. Re7 h5 29. Rh1 Bg5 30. Rxb7 h4 31. Rh3 Qd4 32. Bf1 hxg3 33. Rxg3 Bh4 34. Rbb3 Bxg3 35. fxg3 Qd2+ 36. Kg1 Qd1 37. Rd3 Qa4 38. a3 d4 39. b4 f5 40. Kf2 Kf6 41. Ke1 Ke5 42. Kd2 g5 43. Bg2 g4 44. Bf1 Qc6 45. Be2 Qd5 46. Kc1 Qa2 47. Kd1 Qa1+ 48. Kd2 Qb2+ 49. Ke1 f4 50. gxf4+ Kxf4 51. Kf2 Qa2 52. Rg3 Ke5 53. Rd3 Qf7+ 54. Ke1 Qf4 55. a4 g3 56. Rf3 Qc1+ 57. Bd1 g2 58. Rg3 Qb2 59. Be2 Kf4 60. Rxg2 d3 61. Rf2+ Ke5 62. Bxd3 Qxb4+ 63. Rd2 Kf4 64. Ke2 Qe7+ 65. Kd1 Qa3 66. Bb5 Ke4 67. Rd3 Qb2 68. Ke1 Qc2 69. Kf1 Kf4 70. Ke1 Ke5 71. Kf1 Ke4 72. Ke1 Qc1+ 73. Ke2 Qb2+ 74. Kd1 Ke5 75. Rd2 Qb1+ 76. Ke2 Qe4+ 77. Kd1 Qb1+ 78. Ke2 Qe4+ 79. Kf1 Qb4 80. Re2+ Kf4 81. Rf2+ Kg3 82. Rg2+ Kh3 83. Re2 Qd4 84. Ke1 Kg3 85. Rd2 Qc3 86. Kd1 Kf4 87. Rd3 Qb2 88. Ke1 Ke4 89. Kd1 Qa2 90. Kc1 Ke5 91. Rc3 Kd4 92. Rd3+ Kc5 93. Kd1 Kb4 94. Ke1 Qg2 95. Kd1 Qf2 96. Kc1 Qe1+ 97. Kc2 Qa1 98. Kd2 Qb2+ 99. Ke3 Qc2 100. Rd4+ Ka5 101. Rc4 Qd1 102. Ke4 Kb6 103. Rc6+ Ka5 104. Ke5 Qd2 105. Ke6 Kb4 106. Rd6 Qe3+ 107. Kd7 Qf4 108. Kc6 Qe4+ 109. Kb6 Qe3+ 110. Kb7 Qc5 111. Rc6 Qe7+ 112. Rc7 Qd6 1/2-1/2

[Event "Bangabandhu-chT"]
[Site "Dhaka"]
[Date "2024.02.09"]
[Round "9.3"]
[White "Harikrishnan, A Ra"]
[Black "Iniyan, Panneerseluam"]
[Result "1/2-1/2"]
[WhiteElo "2443"]
[BlackElo "2500"]
[PlyCount "72"]
[EventDate "2024.02.01"]
[EventType "team-tourn"]
[EventRounds "11"]
[EventCountry "BAN"]
[SourceTitle "CB07_2024"]
[SourceDate "2024.02.14"]
[SourceVersion "1"]
[SourceVersionDate "2024.02.14"]
[SourceQuality "1"]
[WhiteTeam "Leonine CC"]
[BlackTeam "Palli Sanchay Bank"]
[WhiteTeamCountry "BAN"]
[BlackTeamCountry "BAN"]

1. Nf3 Nf6 2. g3 g6 3. Bg2 Bg7 4. d4 c5 5. c4 0-0 6. Nc3 d6 7. 0-0 Nc6 8. d5 Na5 9. Nd2 e6 10. Qc2 Re8 11. e3 exd5 12. cxd5 a6 13. b3 b5 14. Bb2 Ra7 15. e4 Nh5 16. Nd1 f5 17. Bxg7 Rxg7 18. f4 g5 19. fxg5 Qxg5 20. exf5 Re2 21. Rf2 Re1+ 22. Nf1 Rge7 23. Qb2 Qf6 24. Nc3 Qd4 25. Rxe1 Rxe1 26. Ne4 Qxb2 27. Rxb2 Bxf5 28. Nxd6 Bd3 29. Rd2 Bg6 30. Kf2 Re7 31. Ne3 Nf6 32. Bh3 Nb7 33. Nc8 Ne4+ 34. Kg1 Re8 35. Re2 Nc3 36. Re1 Nxd5 1/2-1/2

[Event "Indore op 2nd"]
[Site "Indore"]
[Date "2024.01.12"]
[Round "6"]
[White "Glek, Igor Vladimirovich"]
[Black "Iniyan, Panneerseluam"]
[Result "1/2-1/2"]
[WhiteElo "2423"]
[BlackElo "2515"]
[PlyCount "103"]
[EventDate "2024.01.09"]
[EventType "swiss"]
[EventRounds "10"]
[EventCountry "IND"]
[SourceTitle "CB03_2024"]
[SourceDate "2024.01.17"]
[SourceVersion "1"]
[SourceVersionDate "2024.01.17"]
[SourceQuality "1"]

1. e4 c5 2. Nf3 d6 3. d4 cxd4 4. Qxd4 Nc6 5. Qe3 Bg4 6. Bb5 a6 7. Bxc6+ bxc6 8. 0-0 e5 9. c4 Nf6 10. Nc3 Qc7 11. Na4 Be7 12. c5 dxc5 13. b3 Rd8 14. Ba3 c4 15. Bxe7 Qxe7 16. Nb2 cxb3 17. axb3 Bxf3 18. Qxf3 Qb7 19. Ra5 0-0 20. Nc4 Rd4 21. Rxe5 Qc7 22. Qc3 Rxe4 23. Qa5 Qb7 24. Nd6 Rxe5 25. Nxb7 Rxa5 26. Nxa5 Rc8 27. Rc1 c5 28. b4 Nd7 29. Kf1 f6 30. Nb7 c4 31. Nc5 Nxc5 32. Rxc4 Kf7 33. bxc5 Ke6 34. Re4+ Kd5 35. Re7 a5 36. Ke2 Rxc5 37. Kd3 g5 38. Rxh7 Kc6 39. Rh6 Rf5 40. f3 Kc5 41. Kc3 Rf4 42. Rh8 Rc4+ 43. Kb3 a4+ 44. Ka3 Kd4 45. h4 Ke3 46. hxg5 fxg5 47. Rf8 Rc2 48. g4 Rf2 49. Rf5 Rxf3 50. Ka2 Rf2+ 51. Ka3 Rf3 52. Ka2 1/2-1/2

[Event "Staufer op 34th"]
[Site "Schwaebisch Gmuend"]
[Date "2024.01.02"]
[Round "1"]
[White "Helmer, Jan"]
[Black "Iniyan, Panneerseluam"]
[Result "1/2-1/2"]
[WhiteElo "2160"]
[BlackElo "2515"]
[PlyCount "221"]
[EventDate "2024.01.02"]
[EventType "swiss"]
[EventRounds "9"]
[EventCountry "GER"]
[SourceTitle "CB02_2024"]
[SourceDate "2024.01.10"]
[SourceVersion "1"]
[SourceVersionDate "2024.01.10"]
[SourceQuality "1"]

1. d4 Nf6 2. c4 e6 3. Nf3 b6 4. g3 Bb7 5. Bg2 Be7 6. 0-0 0-0 7. Nc3 Ne4 8. Qc2 Nxc3 9. Qxc3 d6 10. Qc2 f5 11. Rd1 Be4 12. Qb3 Nd7 13. Ne1 Kh8 14. Qe3 Bxg2 15. Nxg2 e5 16. dxe5 dxe5 17. Qd3 Nc5 18. Qc2 Qc8 19. b4 Ne4 20. Bb2 Qe6 21. f3 Ng5 22. Rd5 Nf7 23. b5 a6 24. a4 axb5 25. axb5 Rxa1+ 26. Bxa1 Ra8 27. Bc3 Bf6 28. Ne3 g6 29. Kg2 Kg8 30. g4 fxg4 31. Nxg4 Bg7 32. Qe4 Re8 33. Rd3 Nd6 34. Qd5 Qxd5 35. Rxd5 Nxc4 36. Rd7 h5 37. Rxc7 Na3 38. Bxe5 hxg4 39. Rxg7+ Kf8 40. Rxg6 Rxe5 41. Rxb6 Rxe2+ 42. Kg3 gxf3 43. Kxf3 Rb2 44. h4 Rb4 45. h5 Kg7 46. Kg3 Kh7 47. Kh3 Nc4 48. Rc6 Ne5 49. Rc5 Nd3 50. Rf5 Nf4+ 51. Kg3 Ne2+ 52. Kf2 Nd4 53. Rd5 Nxb5 54. Kg3 Kh6 55. Kh3 Nc3 56. Re5 Rd4 57. Rf5 Ne4 58. Kg4 Nf6+ 59. Kf3 Nxh5 60. Ke3 Ra4 61. Rf8 Kg5 62. Rg8+ Kf5 63. Rf8+ Nf6 64. Rf7 Ke6 65. Rf8 Ke5 66. Kd3 Rd4+ 67. Kc2 Rd6 68. Rh8 Ne4 69. Rh5+ Kd4 70. Rh4 Rb6 71. Rg4 Rc6+ 72. Kb2 Kd3 73. Rh4 Rb6+ 74. Ka3 Nc5 75. Rh3+ Kc4 76. Rh4+ Kc3 77. Rh3+ Nd3 78. Ka4 Rb8 79. Ka5 Kc4 80. Rh4+ Kd5 81. Rh5+ Ne5 82. Ka4 Rb1 83. Ka3 Kd4 84. Rh4+ Kc5 85. Rh5 Re1 86. Kb3 Re3+ 87. Kc2 Kb4 88. Rh8 Re2+ 89. Kd1 Ra2 90. Rb8+ Kc3 91. Rc8+ Nc4 92. Ke1 Rb2 93. Kf1 Rc2 94. Ke1 Kd4 95. Rd8+ Ke4 96. Re8+ Ne5 97. Kd1 Rh2 98. Kc1 Kd4 99. Rd8+ Kc3 100. Rc8+ Nc4 101. Kd1 Rd2+ 102. Ke1 Rd4 103. Ke2 Rh4 104. Kf3 Rd4 105. Ke2 Rd7 106. Kf3 Kd4 107. Ra8 Ne5+ 108. Kf4 Rf7+ 109. Kg3 Rf3+ 110. Kg2 Re3 111. Rd8+ 1/2-1/2

[Event "Sitges Sunway op 10th"]
[Site "Sitges"]
[Date "2023.12.22"]
[Round "10"]
[White "Iniyan, Panneerseluam"]
[Black "Deuer, Marius"]
[Result "1-0"]
[WhiteElo "2500"]
[BlackElo "2422"]
[PlyCount "109"]
[EventDate "2023.12.12"]
[EventType "swiss"]
[EventRounds "10"]
[EventCountry "ESP"]
[SourceTitle "CB52_2023"]
[SourceDate "2023.12.27"]
[SourceVersion "1"]
[SourceVersionDate "2023.12.27"]
[SourceQuality "1"]

1. d4 Nf6 2. c4 e6 3. Nf3 b6 4. g3 Ba6 5. Qc2 c5 6. d5 exd5 7. cxd5 Bb7 8. Bg2 Nxd5 9. 0-0 Nc6 10. Rd1 Be7 11. Qf5 Nf6 12. e4 g6 13. Qf4 0-0 14. e5 Nh5 15. Qc4 d5 16. exd6 Bxd6 17. Bh6 Re8 18. Nc3 Na5 19. Qf1 Qe7 20. Nd5 Bxd5 21. Rxd5 Nf6 22. Rd2 Qc7 23. Qd3 Bf8 24. Bf4 Qe7 25. Re1 c4 26. Qd4 Nc6 27. Qxc4 Qc5 28. Qa4 b5 29. Qd1 Rad8 30. Rxe8 Rxe8 31. Rc2 Qb6 32. Be3 Qa6 33. a3 b4 34. Qc1 Ne7 35. axb4 Ned5 36. Bc5 Rc8 37. Nd4 Qd3 38. Bf1 Qe4 39. Qd2 Rd8 40. Bg2 Qe8 41. Bxf8 Kxf8 42. Nc6 Rd7 43. Qd4 Kg7 44. Ne5 Re7 45. Bxd5 Rxe5 46. Bc6 Re1+ 47. Kg2 Qe7 48. Bf3 h5 49. Rc6 Ra1 50. Qc3 Ra4 51. b3 Ra2 52. b5 Qd8 53. h3 Qe7 54. Kg1 Qd8 55. g4 1-0

[Event "Sitges Sunway op 10th"]
[Site "Sitges"]
[Date "2023.12.19"]
[Round "7"]
[White "Horvath, Dominik"]
[Black "Iniyan, Panneerseluam"]
[Result "0-1"]
[WhiteElo "2564"]
[BlackElo "2500"]
[PlyCount "68"]
[EventDate "2023.12.12"]
[EventType "swiss"]
[EventRounds "10"]
[EventCountry "ESP"]
[SourceTitle "CB52_2023"]
[SourceDate "2023.12.27"]
[SourceVersion "1"]
[SourceVersionDate "2023.12.27"]
[SourceQuality "1"]

1. e4 c5 2. Nf3 d6 3. d4 cxd4 4. Nxd4 Nf6 5. Nc3 a6 6. h3 e5 7. Nf3 Be7 8. Nh2 h5 9. Be3 Be6 10. Nf3 Nc6 11. Ng5 d5 12. exd5 Bxd5 13. a3 Rc8 14. Bd3 Nd4 15. 0-0 Bc6 16. f4 Bc5 17. Nge4 Bxe4 18. Bxe4 exf4 19. Bf2 Rc7 20. Kh1 Rd7 21. Bd3 g5 22. Qd2 Kf8 23. Rad1 Ne6 24. Qe2 Bxf2 25. Qxf2 Ng4 26. hxg4 hxg4+ 27. Kg1 g3 28. Qa7 b6 29. Be4 Rxa7 30. Rxd8+ Nxd8 31. Nd5 Rd7 32. c4 Rd6 33. Rf3 Rdh6 34. Kf1 Re6 0-1

[Event "Qatar Masters op"]
[Site "Doha"]
[Date "2023.10.18"]
[Round "7"]
[White "Iniyan, Panneerseluam"]
[Black "Sattarov, Bobir"]
[Result "1-0"]
[WhiteElo "2510"]
[BlackElo "2341"]
[PlyCount "117"]
[EventDate "2023.10.11"]
[EventType "swiss"]
[EventRounds "9"]
[EventCountry "QAT"]
[SourceTitle "Mega2024 Update 01"]
[Source "Chessbase"]
[SourceDate "2023.11.12"]
[SourceVersion "1"]
[SourceVersionDate "2023.11.12"]
[SourceQuality "1"]

1. d4 Nf6 2. c4 c5 3. d5 e6 4. Nc3 exd5 5. cxd5 d6 6. Nf3 g6 7. Nd2 Nbd7 8. e4 a6 9. a4 Bg7 10. Be2 0-0 11. 0-0 Re8 12. f4 Rb8 13. Qc2 Qc7 14. h3 c4 15. a5 b5 16. axb6 Nxb6 17. Re1 Nfd7 18. Kh2 Bh6 19. Rf1 Bg7 20. Re1 Bh6 21. Nxc4 Nxc4 22. Nd1 Ndb6 23. b3 Qe7 24. Bxc4 Qf6 25. Nc3 Bxf4+ 26. Bxf4 Qxf4+ 27. Kh1 Nd7 28. Rf1 Qh6 29. Bxa6 Ne5 30. Bb5 Re7 31. Qc1 Qh5 32. Qe3 Reb7 33. Bc4 Kg7 34. Kg1 Qh4 35. Ne2 Bd7 36. Nd4 Re8 37. Be2 Kg8 38. Ra6 Rb4 39. Rf2 Rc8 40. Rxd6 Bxh3 41. Rdf6 Rxd4 42. Qxd4 Rc1+ 43. Bd1 Qg3 44. Qd2 Ra1 45. Rf1 Rxd1 46. Rxd1 Ng4 47. Rf2 Qh2+ 48. Kf1 h5 49. d6 Ne3+ 50. Qxe3 Qh1+ 51. Ke2 Bg4+ 52. Qf3 Qh4 53. d7 Qd8 54. b4 Kg7 55. b5 g5 56. b6 Bxf3+ 57. gxf3 g4 58. fxg4 hxg4 59. b7 1-0

[Event "Qatar Masters op"]
[Site "Doha"]
[Date "2023.10.14"]
[Round "4"]
[White "Panda, Sambit"]
[Black "Iniyan, Panneerseluam"]
[Result "1-0"]
[WhiteElo "2395"]
[BlackElo "2510"]
[PlyCount "69"]
[EventDate "2023.10.11"]
[EventType "swiss"]
[EventRounds "9"]
[EventCountry "QAT"]
[SourceTitle "Mega2024 Update 01"]
[Source "Chessbase"]
[SourceDate "2023.11.12"]
[SourceVersion "1"]
[SourceVersionDate "2023.11.12"]
[SourceQuality "1"]

1. d4 Nf6 2. c4 e6 3. Nc3 Bb4 4. e3 0-0 5. Bd3 d5 6. a3 Bxc3+ 7. bxc3 dxc4 8. Bxc4 c5 9. Nf3 Qc7 10. Be2 b6 11. Bb2 Bb7 12. 0-0 Rd8 13. Re1 Nc6 14. Rc1 Rac8 15. Bd3 Qe7 16. e4 Na5 17. Qe2 Rc7 18. Rcd1 h6 19. Ne5 Rdc8 20. f4 cxd4 21. cxd4 b5 22. d5 exd5 23. Ng4 Qc5+ 24. Kh1 Nxg4 25. Qxg4 d4 26. e5 Qd5 27. Be4 Qc4 28. Bxb7 Nxb7 29. Bxd4 Rd8 30. f5 Rcd7 31. f6 g6 32. e6 Rxd4 33. e7 Rxg4 34. Rxd8+ Kh7 35. Rh8+ 1-0